000 00450nam a2200193Ia 4500
005 20250423100052.0
008 250422s9999 xx 000 0 und d
020 _a0-273-68876-6
050 _aHD 58 .7 .M85/
100 _aMullins, Laurie J.
245 0 _aManagement and organisational behaviour
250 _a7th ed.
260 _aHarlow
260 _bPearson
260 _c2005
300 _a1095 p
650 _aManagement
942 _cBK
999 _c32191
_d32191